[Event "4NCL"]
[Site "De Vere, Sunningdale, ENG"]
[Date "2012.02.11"]
[Round "16.4"]
[White "Jackson, Sheila"]
[Black "Smith, Jeff R"]
[Result "1/2-1/2"]
[WhiteElo "2162"]
[BlackElo "2165"]
[PlyCount "70"]
[EventDate "2012.??.??"]
[WhiteTeam "Spirit of Atticus"]
[BlackTeam "South Wales Dragons"]

1. e4 e6 2. d4 d5 3. Nd2 Nf6 4. e5 Nfd7 5. Bd3 c5 6. c3 Nc6 7. Ne2 Qb6 8. Nf3
cxd4 9. cxd4 f6 10. exf6 Nxf6 11. O-O Bd6 12. Nc3 O-O 13. Bg5 Bd7 14. a3 Rae8
15. Re1 Re7 16. b4 Kh8 17. Na4 Qd8 18. b5 Nb8 19. Ne5 Be8 20. Nc5 b6 21. Nb3
Bh5 22. f3 Qe8 23. g4 Bf7 24. Qd2 Bg8 25. Qg2 Rc7 26. Bd2 Bxe5 27. Rxe5 Nbd7
28. Re2 Qf7 29. Rae1 Re8 30. h4 Nf8 31. h5 h6 32. Bb4 N8d7 33. Qg3 Rec8 34. Kg2
Bh7 35. Bxh7 Nxh7 1/2-1/2

[Event "4NCL"]
[Site "De Vere, Sunningdale, ENG"]
[Date "2012.02.11"]
[Round "16.5"]
[White "Jameson, David"]
[Black "Smith, Andrew P"]
[Result "1-0"]
[WhiteElo "2077"]
[BlackElo "2204"]
[PlyCount "155"]
[EventDate "2012.??.??"]
[WhiteTeam "South Wales Dragons"]
[BlackTeam "Spirit of Atticus"]

1. e4 e5 2. Nf3 d6 3. Bc4 Qf6 4. Nc3 c6 5. d4 h6 6. Be3 Be7 7. h3 Bd8 8. a4 Ne7
9. a5 Ng6 10. O-O Nf4 11. Bxf4 Qxf4 12. dxe5 dxe5 13. Qd6 Nd7 14. a6 Qf6 15.
axb7 Bxb7 16. Qxf6 Bxf6 17. Rfd1 Nb6 18. Ba6 Rb8 19. Be2 Ra8 20. Ra5 O-O 21.
Rda1 Nc8 22. Bd3 Bd8 23. Rxe5 Bc7 24. Rc5 Bb6 25. Rh5 g6 26. Re5 Bc7 27. Rc5
Bb6 28. Rc4 Nd6 29. Rca4 Rae8 30. e5 Nf5 31. Ne4 Kg7 32. g4 Ne7 33. Nd6 Rb8 34.
Rxa7 Bxa7 35. Rxa7 Nc8 36. Rxb7 Nxd6 37. Rxb8 Rxb8 38. exd6 Rd8 39. Ne5 Rxd6
40. Nc4 Re6 41. Kg2 Kf6 42. Ne3 Ke5 43. Bc4 Re7 44. Bb3 Kf4 45. Bd5 Rc7 46. Bf3
Ke5 47. Nc4+ Kf4 48. b3 f5 49. b4 Rc8 50. Na5 c5 51. b5 Rb8 52. c4 fxg4 53.
hxg4 Rb6 54. Nc6 g5 55. Ne7 Ke5 56. Nd5 Rb8 57. Kg3 Kd4 58. Ne3 Ke5 59. Bd5 Kf6
60. Kf3 Ke5 61. Nc2 Rf8+ 62. Ke3 Rb8 63. Ne1 Kd6 64. Nf3 Re8+ 65. Kd3 Kc7 66.
Nd2 Kb6 67. Ne4 Rf8 68. Ke3 Rf4 69. f3 Rf8 70. Nd6 Rf6 71. Ne4 Rf8 72. Nc3 Re8+
73. Kd3 Re1 74. Na4+ Kc7 75. Nxc5 Kb6 76. Nd7+ Kc7 77. Nf6 Kd6 78. b6 1-0

[Event "4NCL"]
[Site "De Vere, Sunningdale, ENG"]
[Date "2012.02.11"]
[Round "16.6"]
[White "Ackley, Peter JE"]
[Black "Roberts, David L"]
[Result "1-0"]
[WhiteElo "2047"]
[BlackElo "2079"]
[PlyCount "51"]
[EventDate "2012.??.??"]
[WhiteTeam "Spirit of Atticus"]
[BlackTeam "South Wales Dragons"]

1. Nf3 Nf6 2. c4 g6 3. Nc3 Bg7 4. d4 d6 5. e3 O-O 6. Be2 Nbd7 7. b3 Re8 8. Bb2
e5 9. Qc2 e4 10. Nd2 Qe7 11. g4 Nf8 12. g5 Ng4 13. h3 Nxf2 14. Kxf2 Qxg5 15. h4
Qf5+ 16. Kg2 Qd7 17. Raf1 f5 18. d5 Bh6 19. Nd1 c5 20. dxc6 Qxc6 21. Qc3 Re5
22. c5 Rxc5 23. Qh8+ Kf7 24. Nc4 b5 25. Qf6+ Kg8 26. Nxd6 1-0

[Event "4NCL"]
[Site "De Vere, Sunningdale, ENG"]
[Date "2012.02.11"]
[Round "16.7"]
[White "Miles, Richard"]
[Black "Connor, Stephen J"]
[Result "1/2-1/2"]
[WhiteElo "2083"]
[BlackElo "2069"]
[PlyCount "114"]
[EventDate "2012.??.??"]
[WhiteTeam "South Wales Dragons"]
[BlackTeam "Spirit of Atticus"]

1. c4 c6 2. g3 d5 3. Bg2 g6 4. Nf3 Bg7 5. Qc2 Nf6 6. O-O O-O 7. b3 Bf5 8. d3 e5
9. Bb2 Nfd7 10. e4 Be6 11. exd5 cxd5 12. cxd5 Bxd5 13. Nc3 Bc6 14. Rad1 Qb6 15.
Rfe1 Na6 16. Na4 Bxa4 17. bxa4 Rac8 18. Qd2 Nb4 19. Bxe5 Rc2 20. Qe3 Nxe5 21.
Nxe5 Qxe3 22. Rxe3 b6 23. a3 Na2 24. d4 Nc3 25. Rde1 Bxe5 26. Rxe5 Nxa4 27. Re7
Rd2 28. Rxa7 Rxd4 29. Bc6 Nc5 30. Ree7 Rd6 31. Bb5 Re6 32. Bc4 Rxe7 33. Rxe7
Kg7 34. Rc7 g5 35. h3 h6 36. Kg2 Ne4 37. Bd5 Nc5 38. Kf3 Rd8 39. Bc4 Rd4 40.
Bxf7 Rd3+ 41. Kg4 Rxa3 42. Bh5+ Kf6 43. Rc6+ Ke5 44. f4+ gxf4 45. gxf4+ Kd5 46.
Rxb6 Ne4 47. Bf7+ Kc5 48. Rxh6 Nf2+ 49. Kf5 Rxh3 50. Ra6 Nd3 51. Kg4 Rh1 52.
Ra5+ Kd4 53. Ra4+ Ke3 54. Ra3 Kd4 55. Bg6 Rg1+ 56. Kf5 Rf1 57. Ra4+ Kc3 1/2-1/2

[Event "4NCL"]
[Site "De Vere, Sunningdale, ENG"]
[Date "2012.02.11"]
[Round "16.8"]
[White "Mort, Andrew J"]
[Black "Freeland, Alexander"]
[Result "1-0"]
[WhiteElo "2017"]
[BlackElo "1790"]
[PlyCount "71"]
[EventDate "2012.??.??"]
[WhiteTeam "Spirit of Atticus"]
[BlackTeam "South Wales Dragons"]

1. c4 e5 2. g3 Nc6 3. Bg2 g6 4. Nc3 Bg7 5. e4 d6 6. d3 Nge7 7. Nge2 O-O 8. O-O
f5 9. Be3 Be6 10. Qd2 Qd7 11. Nd5 Nd8 12. Rac1 c6 13. Nxe7+ Qxe7 14. f4 Nf7 15.
Rf2 a6 16. b3 Qd7 17. Nc3 Rad8 18. Kh1 Rfe8 19. Rcf1 b5 20. exf5 Bxf5 21. Be4
Be6 22. f5 gxf5 23. Bxf5 Rf8 24. Ne4 Bxf5 25. Rxf5 Nh8 26. Rxf8+ Rxf8 27. Rxf8+
Kxf8 28. Qf2+ Nf7 29. Nxd6 Kg8 30. Qxf7+ Qxf7 31. Nxf7 Kxf7 32. Kg2 Kg6 33. Kf3
Kh5 34. h3 Bf6 35. Ke4 Bg7 36. Bc5 1-0

[Event "4NCL"]
[Site "De Vere, Sunningdale, ENG"]
[Date "2012.02.12"]
[Round "109.1"]
[White "Swanson, Stephen"]
[Black "Slaby, Jerzy"]
[Result "1/2-1/2"]
[WhiteElo "2277"]
[BlackElo "2493"]
[PlyCount "97"]
[EventDate "2012.??.??"]
[WhiteTeam "Poisoned Pawns"]
[BlackTeam "Pandora's Box Grantham"]

1. e4 c5 2. Nf3 d6 3. d4 cxd4 4. Qxd4 Nc6 5. Bb5 Bd7 6. Bxc6 Bxc6 7. Nc3 e6 8.
Qd3 Be7 9. Nd4 Nf6 10. O-O O-O 11. b3 a6 12. Nxc6 bxc6 13. Na4 d5 14. exd5 cxd5
15. c4 Qc7 16. cxd5 Rfd8 17. Bb2 Rxd5 18. Qf3 Rad8 19. Rac1 Qd6 20. Qc3 h6 21.
g3 Bf8 22. Qc4 e5 23. Rce1 a5 24. Bc3 Qe6 25. Kg2 Rc8 26. Qe2 Bb4 27. Bxb4 axb4
28. Nb2 e4 29. Nc4 Rh5 30. Kg1 Qh3 31. f3 exf3 32. Rxf3 Re8 33. Re3 Rxe3 34.
Nxe3 Re5 35. Qd2 Qe6 36. Ng2 Nd5 37. Rxe5 Qxe5 38. Nf4 Nc3 39. Qd8+ Kh7 40.
Qd3+ f5 41. Qa6 Qe4 42. Qg6+ Kg8 43. Ne6 Qe1+ 44. Kg2 Qd2+ 45. Kh3 Qd7 46. Qxf5
Nxa2 47. Qf8+ Kh7 48. Qf5+ Kg8 49. Qf8+ 1/2-1/2

[Event "4NCL"]
[Site "De Vere, Sunningdale, ENG"]
[Date "2012.02.12"]
[Round "109.2"]
[White "Crouch, Colin S"]
[Black "Byway, Paul V"]
[Result "1-0"]
[WhiteElo "2374"]
[BlackElo "2160"]
[PlyCount "55"]
[EventDate "2012.??.??"]
[WhiteTeam "Pandora's Box Grantham"]
[BlackTeam "Poisoned Pawns"]

1. d4 d5 2. Nf3 Nf6 3. c4 dxc4 4. e3 e6 5. Bxc4 c5 6. O-O a6 7. a3 b5 8. Ba2
Bb7 9. Qe2 Nbd7 10. Rd1 Qb6 11. Nc3 b4 12. dxc5 Bxc5 13. Na4 Qb5 14. Qxb5 axb5
15. Nxc5 Nxc5 16. Bd2 b3 17. Bb4 Nfe4 18. Bb1 Bd5 19. Nd4 Na6 20. Nxb5 Nxb4 21.
Nc7+ Ke7 22. Nxa8 Nc2 23. Nb6 Rb8 24. Nxd5+ exd5 25. f3 Nc3 26. Rd3 Na4 27.
Rxb3 Rxb3 28. Bxc2 1-0

[Event "4NCL"]
[Site "De Vere, Sunningdale, ENG"]
[Date "2012.02.12"]
[Round "109.3"]
[White "Goodger, Martyn"]
[Black "Ross, Chris N"]
[Result "1/2-1/2"]
[WhiteElo "2098"]
[BlackElo "2237"]
[PlyCount "75"]
[EventDate "2012.??.??"]
[WhiteTeam "Poisoned Pawns"]
[BlackTeam "Pandora's Box Grantham"]

1. e4 c5 2. c3 d5 3. exd5 Qxd5 4. d4 e6 5. Nf3 Nf6 6. a3 Nc6 7. Be3 cxd4 8.
cxd4 Be7 9. Nc3 Qd6 10. Bd3 O-O 11. O-O b6 12. Qe2 Bb7 13. Rad1 Rad8 14. Rfe1
Rfe8 15. Bb1 Qb8 16. Bg5 g6 17. Ba2 Ng4 18. g3 Kg7 19. Bf4 Bd6 20. Bc1 Qa8 21.
Ne4 Be7 22. b4 Nf6 23. Neg5 Bf8 24. b5 Ne7 25. Ne5 Nf5 26. Bb2 Nh6 27. d5 Bxd5
28. Bxd5 Rxd5 29. Rxd5 exd5 30. Qd2 Kg8 31. Rc1 Rd8 32. Rc6 Bg7 33. f4 Ne4 34.
Nxe4 dxe4 35. Rd6 Qc8 36. Rc6 Qa8 37. Rd6 Qc8 38. Rc6 1/2-1/2

[Event "4NCL"]
[Site "De Vere, Sunningdale, ENG"]
[Date "2012.02.12"]
[Round "109.4"]
[White "Capuzzo, Marcos"]
[Black "Doci, Stefan"]
[Result "1-0"]
[WhiteElo "2230"]
[BlackElo "2103"]
[PlyCount "85"]
[EventDate "2012.??.??"]
[WhiteTeam "Pandora's Box Grantham"]
[BlackTeam "Poisoned Pawns"]

1. Nf3 Nf6 2. b3 c6 3. Bb2 d5 4. e3 Bg4 5. Be2 e6 6. O-O Bd6 7. d4 Ne4 8. Nbd2
f5 9. Ne5 Bxe2 10. Qxe2 Bxe5 11. dxe5 Nxd2 12. Qxd2 O-O 13. Ba3 Rf7 14. c4 Nd7
15. Bd6 dxc4 16. bxc4 Nxe5 17. c5 Nd7 18. Rfd1 Nf6 19. f3 Rd7 20. Qb4 Nd5 21.
Qb3 Qh4 22. Bg3 Qe7 23. e4 fxe4 24. fxe4 Nf6 25. Bd6 Qe8 26. Rf1 Rf7 27. Rf4
Nh5 28. Rxf7 Qxf7 29. Rf1 Qg6 30. Qxb7 Re8 31. Qxc6 Nf6 32. e5 Nd5 33. h3 h5
34. Rf3 Rd8 35. Qb7 h4 36. c6 Qg5 37. Qf7+ Kh8 38. c7 Rc8 39. Qxe6 Qc1+ 40. Kh2
Nb6 41. Qg6 Nd5 42. Rf5 Ne3 43. Rh5+ 1-0

[Event "4NCL"]
[Site "De Vere, Sunningdale, ENG"]
[Date "2012.02.12"]
[Round "109.5"]
[White "Rosen, Daniel B"]
[Black "Cumbers, Paul"]
[Result "1/2-1/2"]
[WhiteElo "2125"]
[BlackElo "2157"]
[PlyCount "82"]
[EventDate "2012.??.??"]
[WhiteTeam "Poisoned Pawns"]
[BlackTeam "Pandora's Box Grantham"]

1. e4 e6 2. d4 d5 3. Nc3 Nf6 4. Bg5 Bb4 5. e5 h6 6. exf6 hxg5 7. fxg7 Rg8 8. h4
Nc6 9. hxg5 Qxg5 10. Nf3 Qxg7 11. Qd3 Bd7 12. O-O-O O-O-O 13. a3 Bd6 14. Ne2
Rh8 15. Rxh8 Rxh8 16. Kb1 a6 17. Nc1 Rh1 18. g3 Ne7 19. Qd2 f6 20. Be2 Rxd1 21.
Qxd1 e5 22. Nh4 Be6 23. c3 c6 24. Qd2 Nf5 25. Nxf5 Bxf5+ 26. Ka2 Qh7 27. Nb3
Qh1 28. Bd3 e4 29. Bc2 Qf3 30. Bd1 Qd3 31. Qxd3 exd3 32. Kb1 b6 33. Kc1 Kd7 34.
Kd2 c5 35. Ke3 c4 36. Nd2 b5 37. f4 a5 38. g4 Bh7 39. Bf3 Bg8 40. Nb1 Kc6 41.
Bd1 Bf7 1/2-1/2

[Event "4NCL"]
[Site "De Vere, Sunningdale, ENG"]
[Date "2012.02.12"]
[Round "109.6"]
[White "Birtwistle, Nigel"]
[Black "McEwan, Ken B"]
[Result "1/2-1/2"]
[WhiteElo "2173"]
[BlackElo "2109"]
[PlyCount "71"]
[EventDate "2012.??.??"]
[WhiteTeam "Pandora's Box Grantham"]
[BlackTeam "Poisoned Pawns"]

1. d4 Nf6 2. Nf3 e6 3. c4 b6 4. g3 Bb7 5. Bg2 d6 6. O-O Nbd7 7. Nc3 Be7 8. Qc2
c5 9. d5 e5 10. Ng5 O-O 11. f4 h6 12. Nf3 exf4 13. gxf4 Nh7 14. e4 Bf6 15. Bd2
g5 16. Kh1 gxf4 17. Bxf4 Ne5 18. Nxe5 Bxe5 19. Bxe5 dxe5 20. Rf5 Ng5 21. Raf1
Bc8 22. Rf6 Nh7 23. Rxh6 Qg5 24. Qc1 Qxc1 25. Rxc1 f6 26. Rg6+ Kf7 27. Rg3 Ng5
28. Rf1 Kg6 29. Kg1 Rh8 30. Nb5 Bd7 31. Nd6 Rh4 32. Nf5 Bxf5 33. exf5+ Kf7 34.
d6 Rd8 35. Bd5+ Kf8 36. Kg2 1/2-1/2

[Event "4NCL"]
[Site "De Vere, Sunningdale, ENG"]
[Date "2012.02.12"]
[Round "109.7"]
[White "McMahon, Paul"]
[Black "Batchelor, Peter J"]
[Result "0-1"]
[WhiteElo "2029"]
[BlackElo "2006"]
[PlyCount "90"]
[EventDate "2012.??.??"]
[WhiteTeam "Poisoned Pawns"]
[BlackTeam "Pandora's Box Grantham"]

1. Nc3 d5 2. e4 c6 3. exd5 cxd5 4. d4 Nc6 5. Nf3 Bg4 6. Be2 e6 7. O-O Nf6 8.
Ne5 Bxe2 9. Nxe2 Nxe5 10. dxe5 Ng4 11. Qd4 h5 12. h3 Nh6 13. Qa4+ Qd7 14. Qxd7+
Kxd7 15. Nd4 Bc5 16. Be3 Rhc8 17. c3 Bxd4 18. Bxd4 Nf5 19. Rfd1 Rc4 20. Rd2 a5
21. g4 Nh4 22. Rd3 Rh8 23. Rad1 hxg4 24. hxg4 Ng6 25. b3 Rcc8 26. Rf3 Ke7 27.
Rdd3 Rh4 28. Rh3 Rxg4+ 29. Rdg3 Re4 30. Re3 Nf4 31. Rh7 Ne2+ 32. Kg2 Rxe3 33.
Bxe3 Nxc3 34. Bg5+ Ke8 35. Bd2 Nxa2 36. Bxa5 Nc1 37. Rxg7 Nxb3 38. Bb4 Rc4 39.
Bd6 Nd2 40. Rg8+ Kd7 41. f3 Rf4 42. Rg3 Nc4 43. Bb8 Rf5 44. Kf2 Nxe5 45. Ke2
Nc6 0-1

[Event "4NCL"]
[Site "De Vere, Sunningdale, ENG"]
[Date "2012.02.12"]
[Round "110.1"]
[White "Townsend, M Paul"]
[Black "Chapman, Terry PD"]
[Result "0-1"]
[WhiteElo "2255"]
[BlackElo "2253"]
[PlyCount "72"]
[EventDate "2012.??.??"]
[WhiteTeam "White Rose 2"]
[BlackTeam "Barbican Youth"]

1. d4 d6 2. Nf3 g6 3. e4 Nf6 4. Nc3 Bg7 5. Be2 O-O 6. O-O Bg4 7. Be3 Nc6 8. Qd2
e5 9. d5 Ne7 10. Rad1 Bd7 11. Ne1 b5 12. a3 a5 13. b4 Qb8 14. f3 Rd8 15. Rb1
axb4 16. axb4 c6 17. Bg5 cxd5 18. exd5 Rc8 19. f4 Rxc3 20. Qxc3 Nexd5 21. Qd2
Ne4 22. Qxd5 Nc3 23. Qd2 Qb6+ 24. Kh1 Nxb1 25. Qd3 e4 26. Qxe4 Re8 27. Qd3 Bf5
28. Qxb5 Qe3 29. Bc4 Nd2 30. Bh4 Nxf1 31. Bxf1 Kf8 32. Nf3 Be4 33. Ng5 Bd4 34.
Nxh7+ Kg7 35. Bf6+ Bxf6 36. Nxf6 Kxf6 0-1

[Event "4NCL"]
[Site "De Vere, Sunningdale, ENG"]
[Date "2012.02.12"]
[Round "110.2"]
[White "Coleman, David J"]
[Black "Gayson, Peter M"]
[Result "1/2-1/2"]
[WhiteElo "2238"]
[BlackElo "2204"]
[PlyCount "46"]
[EventDate "2012.??.??"]
[WhiteTeam "Barbican Youth"]
[BlackTeam "White Rose 2"]

1. e4 c5 2. Nf3 e6 3. d4 cxd4 4. Nxd4 Nf6 5. Nc3 Nc6 6. Ndb5 Bb4 7. a3 Bxc3+ 8.
Nxc3 d5 9. exd5 exd5 10. Bd3 O-O 11. O-O d4 12. Ne2 Bg4 13. h3 Bh5 14. Bg5 Re8
15. g4 Bg6 16. Nf4 Qd6 17. Nxg6 hxg6 18. Bh4 Nd5 19. Bg3 Qf6 20. Re1 Nf4 21.
Bf1 Ne5 22. Bxf4 Qxf4 23. Bg2 Nc6 1/2-1/2

[Event "4NCL"]
[Site "De Vere, Sunningdale, ENG"]
[Date "2012.02.12"]
[Round "110.3"]
[White "Weller, Jean-Luc"]
[Black "Martyn, Rafe"]
[Result "1/2-1/2"]
[WhiteElo "2074"]
[BlackElo "2267"]
[PlyCount "104"]
[EventDate "2012.??.??"]
[WhiteTeam "White Rose 2"]
[BlackTeam "Barbican Youth"]

1. d4 Nf6 2. Bg5 d5 3. Bxf6 exf6 4. e3 Bd6 5. g3 c6 6. Bg2 f5 7. Ne2 Nd7 8. Qd3
Nf6 9. Nd2 h5 10. h4 Ne4 11. a3 a5 12. c4 Nxd2 13. Kxd2 dxc4 14. Qxc4 O-O 15.
Bf3 c5 16. d5 b5 17. Qc2 g6 18. Rhd1 Qf6 19. Ke1 Bd7 20. Kf1 Rfb8 21. Kg2 a4
22. Rd2 Ra6 23. Nc1 Rab6 24. Nd3 Rc8 25. Qd1 b4 26. axb4 cxb4 27. Rxa4 Bxa4 28.
Qxa4 b3 29. Bd1 Rcb8 30. Nc1 Rb4 31. Qa6 Qd8 32. Qd3 Qb6 33. Ne2 Be5 34. f4 Bf6
35. d6 Rd8 36. Kf2 Kg7 37. Nc3 Bxc3 38. Qxc3+ Kg8 39. d7 Qb8 40. Bf3 Rb6 41.
Qc5 Re6 42. Rd3 Qb6 43. Qc8 Kg7 44. Bb7 Kh7 45. Ke2 Re7 46. Qc6 Re6 47. Qd5 Qc7
48. Bc8 Qc1 49. Rd2 Qg1 50. Qf3 Qc1 51. Qd5 Qg1 52. Qf3 Qc1 1/2-1/2

[Event "4NCL"]
[Site "De Vere, Sunningdale, ENG"]
[Date "2012.02.12"]
[Round "110.4"]
[White "Manley, Jon P"]
[Black "Arnott, Jonathan W"]
[Result "0-1"]
[WhiteElo "2161"]
[BlackElo "2191"]
[PlyCount "50"]
[EventDate "2012.??.??"]
[WhiteTeam "Barbican Youth"]
[BlackTeam "White Rose 2"]

1. e4 e6 2. d4 d5 3. Nc3 Nf6 4. Bg5 Be7 5. e5 Nfd7 6. h4 c5 7. Bxe7 Kxe7 8. f4
Qb6 9. Na4 Qa5+ 10. c3 b6 11. Rb1 Nc6 12. Rh3 Ba6 13. b4 cxb4 14. Bxa6 Qxa6 15.
cxb4 Nxd4 16. Rd3 Nb5 17. Ne2 Rac8 18. Qb3 f6 19. Rg3 g6 20. Re3 fxe5 21. fxe5
Rc4 22. g3 Rhc8 23. Nb2 Rc2 24. a4 Rxe2+ 25. Rxe2 Nc3 0-1

[Event "4NCL"]
[Site "De Vere, Sunningdale, ENG"]
[Date "2012.02.12"]
[Round "110.5"]
[White "Burnett, Jim"]
[Black "Sanders, Isaac B"]
[Result "1-0"]
[WhiteElo "2137"]
[BlackElo "2103"]
[PlyCount "107"]
[EventDate "2012.??.??"]
[WhiteTeam "White Rose 2"]
[BlackTeam "Barbican Youth"]

1. d4 Nf6 2. c4 g6 3. g3 Bg7 4. Bg2 O-O 5. Nc3 d6 6. Nf3 Nc6 7. O-O a6 8. d5
Na5 9. Nd2 c5 10. Qc2 Rb8 11. b3 b5 12. Bb2 e5 13. Rae1 h5 14. Nd1 h4 15. e4
Nh5 16. Bc3 b4 17. Bb2 f5 18. exf5 gxf5 19. Bf3 Qg5 20. Kh1 hxg3 21. fxg3 Nf6
22. Bg2 e4 23. Nf2 Qh6 24. Nh3 Ng4 25. Bxg7 Qxg7 26. Rf4 Bd7 27. Nf1 Qd4 28.
Nf2 Ne5 29. Rh4 Qc3 30. Qe2 Ng6 31. Rh6 Qg7 32. Qh5 Rf6 33. Nh3 Nf4 34. Nxf4
Rxh6 35. Qe2 Re8 36. Ne3 Nb7 37. Rg1 Kf7 38. Qf2 Reh8 39. h4 Ke7 40. Bh3 Qe5
41. Ne6 Bxe6 42. dxe6 Qxe6 43. Bxf5 Qe5 44. Ng4 Qd4 45. Qxd4 cxd4 46. Nxh6 Rxh6
47. Bxe4 Nc5 48. Bd5 a5 49. Rd1 d3 50. Kg2 Kf6 51. Kf3 Ke5 52. Ke3 Rh7 53. Rf1
a4 54. g4 1-0

[Event "4NCL"]
[Site "De Vere, Sunningdale, ENG"]
[Date "2012.02.12"]
[Round "110.6"]
[White "O'Toole, George E"]
[Black "Shaw, Peter"]
[Result "1-0"]
[WhiteElo "2187"]
[BlackElo "2180"]
[PlyCount "103"]
[EventDate "2012.??.??"]
[WhiteTeam "Barbican Youth"]
[BlackTeam "White Rose 2"]

1. e4 c6 2. c4 d5 3. exd5 cxd5 4. cxd5 Nf6 5. Nc3 Nxd5 6. Bc4 Nb6 7. Bb3 Nc6 8.
Nf3 g6 9. d4 Bg7 10. d5 Na5 11. Be3 O-O 12. O-O Bg4 13. Re1 Nxb3 14. Qxb3 Bxf3
15. gxf3 Bxc3 16. Bxb6 axb6 17. bxc3 Qd6 18. a4 Ra5 19. c4 e6 20. Rad1 exd5 21.
Rxd5 Rxd5 22. cxd5 Rd8 23. Rd1 Qe5 24. Qc4 Rd6 25. f4 Qf5 26. Rd3 h5 27. Qd4
Kh7 28. Kf1 f6 29. Qc4 Kh6 30. h3 Kg7 31. Kg2 Kh6 32. Rd4 g5 33. Qb4 Qd7 34.
Qd2 Qf5 35. fxg5+ Qxg5+ 36. Kf3 Qxd2 37. Rxd2 Kg6 38. Ke4 Kf7 39. f4 Ke7 40.
Rg2 Kf7 41. Rb2 Ke7 42. Kd4 h4 43. f5 Kd8 44. Re2 Rd7 45. Re6 Rg7 46. Rxf6 Rg3
47. Rh6 Rxh3 48. Ke5 Rh1 49. Ke6 Rh3 50. Rh8+ Kc7 51. d6+ Kc6 52. Rc8# 1-0

[Event "4NCL"]
[Site "De Vere, Sunningdale, ENG"]
[Date "2012.02.12"]
[Round "110.7"]
[White "O'Driscoll, Kieran"]
[Black "Cumming, Rhys"]
[Result "1/2-1/2"]
[WhiteElo "2104"]
[BlackElo "2010"]
[PlyCount "81"]
[EventDate "2012.??.??"]
[WhiteTeam "White Rose 2"]
[BlackTeam "Barbican Youth"]

1. d4 Nf6 2. c4 g6 3. Nc3 d5 4. Nf3 Bg7 5. Bf4 O-O 6. Rc1 dxc4 7. e4 Bg4 8.
Bxc4 Nh5 9. Be3 Bxf3 10. gxf3 e5 11. d5 Nd7 12. Qd2 Qf6 13. Ke2 a6 14. Bb3 Qd6
15. Na4 Rfd8 16. Rc2 Nf4+ 17. Bxf4 exf4 18. Rhc1 Rac8 19. Nc5 Nxc5 20. Rxc5 Be5
21. R1c2 Bxb2 22. Qb4 Ba3 23. Qxa3 b6 24. Ra5 bxa5 25. Qxa5 Qb6 26. Qd2 c6 27.
d6 Qb5+ 28. Bc4 Qe5 29. Bxa6 Rb8 30. d7 Rb1 31. Rxc6 Rb2 32. Rc2 Rxd7 33. Rxb2
Rxd2+ 34. Rxd2 Kg7 35. a4 Qc3 36. Bb5 h5 37. Rd3 Qb4 38. Kf1 h4 39. h3 Kf6 40.
Kg2 Ke6 41. Bd7+ 1/2-1/2

[Event "4NCL"]
[Site "De Vere, Sunningdale, ENG"]
[Date "2012.02.12"]
[Round "110.8"]
[White "Stewart, Ashley"]
[Black "Weller, Pierre"]
[Result "1/2-1/2"]
[WhiteElo "2001"]
[BlackElo "1987"]
[PlyCount "116"]
[EventDate "2012.??.??"]
[WhiteTeam "Barbican Youth"]
[BlackTeam "White Rose 2"]

1. d4 Nf6 2. c4 c5 3. d5 e6 4. Nc3 exd5 5. cxd5 d6 6. g3 g6 7. Bg2 Bg7 8. Nf3
O-O 9. O-O a6 10. a4 Re8 11. Nd2 Nh5 12. Nc4 f5 13. a5 Qe7 14. Re1 Nd7 15. e4
Ne5 16. Nb6 Rb8 17. h3 Nf7 18. Bd2 fxe4 19. Nxe4 Qf8 20. Nxc8 Rbxc8 21. Bc3 Be5
22. Bf3 Ng7 23. Bg4 Nf5 24. Nf6+ Bxf6 25. Bxf6 Rxe1+ 26. Qxe1 Re8 27. Qc3 Ne5
28. Bxe5 Rxe5 29. Qb3 h5 30. Bxf5 Rxf5 31. f4 Qf7 32. Re1 Qxd5 33. Re8+ Kf7 34.
Qe3 Qd4 35. Re7+ Kf8 36. Qxd4 cxd4 37. Rxb7 d3 38. Kf2 Rxa5 39. Ke3 Rd5 40. Kd2
a5 41. Ra7 Rb5 42. Kxd3 Rxb2 43. Ke4 Rb3 44. f5 Rxg3 45. fxg6 Rg5 46. Kf4 Rxg6
47. Rxa5 Rf6+ 48. Kg5 Ke7 49. Kxh5 Ke6 50. Kg4 Rf1 51. h4 d5 52. Ra2 Ke5 53.
Re2+ Kd4 54. h5 Rh1 55. Kg5 Rg1+ 56. Kf6 Rh1 57. Kg5 Kd3 58. Re8 d4 1/2-1/2

[Event "4NCL"]
[Site "De Vere, Sunningdale, ENG"]
[Date "2012.02.12"]
[Round "111.1"]
[White "Spencer, Carl J"]
[Black "McMichael, Richard J"]
[Result "1/2-1/2"]
[WhiteElo "2171"]
[BlackElo "2266"]
[PlyCount "114"]
[EventDate "2012.??.??"]
[WhiteTeam "Cambridge University 2"]
[BlackTeam "Kings Head"]

1. e4 e6 2. d4 d5 3. e5 Bd7 4. Nf3 a6 5. c4 dxc4 6. Bxc4 Bc6 7. Nc3 Ne7 8. O-O
Nd5 9. Re1 Be7 10. a3 O-O 11. Bd3 Nd7 12. Bc2 Re8 13. Ne4 Nf8 14. h4 Qd7 15. h5
b6 16. h6 g6 17. Bg5 Qd8 18. Bb3 Nd7 19. Rc1 Bb7 20. Qd2 Rc8 21. Ba4 b5 22. Bb3
N5b6 23. Qf4 Bxe4 24. Rxe4 c5 25. Rd1 c4 26. Bc2 Nd5 27. Qh4 N7b6 28. Re2 a5
29. Qg4 Rc7 30. Bxe7 Qxe7 31. Ra1 Ra7 32. Ng5 b4 33. Ne4 c3 34. b3 bxa3 35. Nd6
f5 36. Qf3 Rd8 37. Rxa3 Qg5 38. Ra1 Nf4 39. Ree1 Nbd5 40. g3 Nh5 41. Bd3 Qxh6
42. Bc4 Nc7 43. d5 Qg5 44. dxe6 Qe7 45. Nxf5 gxf5 46. Qxh5 Kh8 47. Qxf5 Rf8 48.
Qd3 Nxe6 49. Bxe6 Qxe6 50. Qxc3 Raf7 51. Re2 Rf3 52. Qd4 Rxb3 53. Rxa5 Rb1+ 54.
Kg2 Qc6+ 55. Re4 Rd1 56. Qxd1 Qxe4+ 57. Kg1 Rb8 1/2-1/2

[Event "4NCL"]
[Site "De Vere, Sunningdale, ENG"]
[Date "2012.02.12"]
[Round "111.2"]
[White "Kwiatkowski, Feliks J"]
[Black "Chevannes, Sabrina L"]
[Result "0-1"]
[WhiteElo "2241"]
[BlackElo "2067"]
[PlyCount "92"]
[EventDate "2012.??.??"]
[WhiteTeam "Kings Head"]
[BlackTeam "Cambridge University 2"]

1. e4 c6 2. d4 d5 3. Nc3 dxe4 4. Nxe4 Nd7 5. Ng5 e6 6. Bd3 Be7 7. N1f3 h6 8.
Ne4 Ngf6 9. Qe2 c5 10. dxc5 Nxe4 11. Qxe4 Nxc5 12. Bb5+ Bd7 13. Bxd7+ Qxd7 14.
Qe2 O-O 15. O-O Rad8 16. b3 Bf6 17. Rb1 Qc6 18. Ba3 Rfe8 19. Rfe1 Bc3 20. Red1
Ne4 21. Rd3 Bf6 22. Bb4 Rxd3 23. Qxd3 Nxf2 24. Kxf2 Qb6+ 25. Qe3 Qxb4 26. Qxa7
Rc8 27. c4 Rxc4 28. bxc4 Qxb1 29. Qa4 g5 30. Qb3 Qe4 31. h3 h5 32. g4 hxg4 33.
hxg4 Qxg4 34. Qxb7 Qxc4 35. Qa8+ Kg7 36. a4 g4 37. Ng1 Bd4+ 38. Kg2 Qc2+ 39.
Kh1 Qd1 40. Qg2 Bxg1 41. Qxg1 Qxa4 42. Qe3 Qd1+ 43. Kh2 Qc2+ 44. Kh1 Qf5 45.
Qd4+ e5 46. Qc5 g3 0-1

[Event "4NCL"]
[Site "De Vere, Sunningdale, ENG"]
[Date "2012.02.12"]
[Round "111.6"]
[White "Davey, Mark"]
[Black "Lee, Richard WY"]
[Result "0-1"]
[WhiteElo "2005"]
[BlackElo "2030"]
[PlyCount "120"]
[EventDate "2012.??.??"]
[WhiteTeam "Kings Head"]
[BlackTeam "Cambridge University 2"]

1. e4 e6 2. d4 d5 3. Bd3 dxe4 4. Bxe4 Nf6 5. Bf3 c5 6. c3 Nc6 7. Ne2 Be7 8.
Bxc6+ bxc6 9. O-O Ba6 10. Re1 O-O 11. Be3 Nd5 12. Qc1 Rb8 13. Nd2 Qb6 14. b3
Nxe3 15. fxe3 cxd4 16. exd4 c5 17. Nf3 Rfd8 18. Kh1 Bf6 19. Qe3 Rbc8 20. Rad1
Qa5 21. c4 Bb7 22. dxc5 Qxa2 23. Ned4 Bxd4 24. Rxd4 Rxd4 25. Qxd4 Bxf3 26. gxf3
Qxb3 27. Re3 Qb7 28. Rd3 h6 29. Qe3 Qc7 30. Kg2 a5 31. Qd2 Qxc5 32. Rd8+ Rxd8
33. Qxd8+ Kh7 34. Qd3+ g6 35. Qd7 Kg7 36. Qb5 Qxb5 37. cxb5 a4 38. b6 a3 39. b7
a2 40. b8=Q a1=Q 41. Qb3 Qe5 42. Qc2 Qf4 43. Qb2+ Qf6 44. Qe2 Qg5+ 45. Kf2 h5
46. Qb2+ Kh7 47. Qd4 h4 48. Qd7 Qf4 49. Kg2 h3+ 50. Kxh3 Qxf3+ 51. Kh4 e5 52.
Qe7 e4 53. Kg5 Qf5+ 54. Kh4 Qf4+ 55. Kh3 Qf3+ 56. Kh4 e3 57. Qa3 Qf4+ 58. Kh3
e2 59. Qc3 Qf1+ 60. Kg4 e1=Q 0-1

[Event "4NCL"]
[Site "De Vere, Sunningdale, ENG"]
[Date "2012.02.12"]
[Round "112.2"]
[White "Williams, Winston"]
[Black "Habershon, Paul F"]
[Result "1/2-1/2"]
[WhiteElo "2181"]
[BlackElo "2122"]
[PlyCount "55"]
[EventDate "2012.??.??"]
[WhiteTeam "Bradford DCA Knights A"]
[BlackTeam "FCA Solutions 1"]

1. c3 d5 2. f4 Nf6 3. Nf3 g6 4. g3 Bg7 5. Bg2 O-O 6. O-O c5 7. d3 Nc6 8. Na3 a6
9. Qa4 Bd7 10. e4 Nd4 11. Qd1 Nxf3+ 12. Bxf3 dxe4 13. dxe4 Bc6 14. Qe2 b5 15.
Rd1 Qc7 16. e5 Bxf3 17. Qxf3 Nd7 18. Be3 Nb6 19. Rd3 Rfd8 20. Rad1 c4 21. Rxd8+
Rxd8 22. Rxd8+ Qxd8 23. Bxb6 Qxb6+ 24. Qf2 Qb7 25. Qg2 Qa7+ 26. Qf2 Qb7 27. Qg2
Qa7+ 28. Qf2 1/2-1/2